| 000 | 00360nam a2200133Ia 4500 | ||
|---|---|---|---|
| 008 | 220217s9999||||xx |||||||||||||| ||und|| | ||
| 020 | _a81-7722-020-9 | ||
| 082 | _a005.43 COP | ||
| 100 |
_aCopestake, Stephen _92014 |
||
| 245 | 0 | _aOffice 2000 in easy steps | |
| 260 |
_aDream tech press _bNew Delhi _c2001 |
||
| 300 | _b79 | ||
| 650 | _aOperating systems | ||
| 999 |
_c167929 _d167929 |
||